Statistiques concernant Lettre par Lettre - Pays #5

Cliquez ici pour prendre le quiz!

Statistiques générales

  • Ce quiz a été pris 329 fois
  • Le résultat moyen est 38 sur 57

Statistiques - réponses

Réponse% Correct
I
97%
S
96%
K
94%
U
94%
C
92%
Sa
86%
Ur
86%
Uru
85%
Urug
85%
Ki
84%
Urugu
84%
Urugua
84%
Is
83%
Kir
83%
Uruguay
82%
Isl
80%
Sai
80%
Isla
79%
Islan
79%
Kirg
79%
Island
77%
Islande
77%
Cu
76%
Kirgh
76%
Sain
76%
Saint
75%
Cub
74%
Kirghi
74%
Cuba
73%
Kirghiz
71%
Saint V
70%
Kirghizi
67%
Saint Vi
67%
Saint Vin
66%
Kirghizis
65%
Saint Vinc
64%
Kirghizist
63%
Saint Vince
63%
Kirghizista
62%
Kirghizistan
62%
Saint Vincen
62%
Saint Vincent
60%
Saint Vincent et les Grenadines
60%
Saint Vincent e
52%
Saint Vincent et
50%
Saint Vincent et l
45%
Saint Vincent et le
42%
Saint Vincent et les
39%
Saint Vincent et les G
38%
Saint Vincent et les Gr
35%
Saint Vincent et les Gre
33%
Saint Vincent et les Gren
31%
Saint Vincent et les Grena
29%
Saint Vincent et les Grenad
27%
Saint Vincent et les Grenadi
26%
Saint Vincent et les Grenadin
25%
Saint Vincent et les Grenadine
22%

Distribution des résultats

Percentile par nombre de réponses

% des personnes avec chaque résultat

Votre développement - résultats

Vous n’avez pas pris ce quiz